000 00603nam a2200241 a 4500
001 nice12345678
003 IN_TiNIC
005 20260116011534.0
008 050524s1940 lona grp 000 0 eng
020 _a
_c262.8
082 0 0 _a242
_bJAM
100 _aJames, Francis B
245 _aStill With Thee
_b Thoughts and Prayer for Quiet Hour
260 _aLondon
_bEpworth Press
_c1940
300 _a142p
500 _aincludes index and biblioraphy
505 2 _aIndex
650 _aMeditation-Christianity
700 1 _aJames, Francis B
902 _bSRS
942 _cBK
999 _c2446
_d2446